00323nam a2200109Ia 4500008004100000100001600041245006500057260004100122650002500163942000800188999001700196190216s9999||||xx |||||||||||||| ||und|| aNaresh Jain 0aEntrance Examination Today Vol Iii Paper I Physics&Chemistry bCentral Board Of Secondary Education aReferences-Criticism cREF c35890d35890